| 000 | 00564nam a2200217Ia 4500 | ||
|---|---|---|---|
| 005 | 20140319133157.0 | ||
| 008 | 140130s9999 xx 000 0 und d | ||
| 020 | _a0590458132 | ||
| 050 |
_aPZ 8.2 _b.B13Bl 1992 |
||
| 100 |
_aBackstein, Karen _931191 |
||
| 245 |
_cBackstein, Karen _aThe blind men and the elephant / |
||
| 260 |
_bScholastic, _c1992. _aNew York : |
||
| 300 |
_a1 v. (unpaged) : _bcol. ill. ; _c22 cm. |
||
| 440 |
_v1 _931174 |
||
| 521 | _aBR | ||
| 526 | _cBR | ||
| 942 |
_cBK _2lcc |
||
| 999 |
_c41630 _d41630 |
||